Municipalities of Southwest Macedonia with a Map - Statistics

General Stats
  • This quiz has been taken 158 times
  • The average score is 7 of 9
Answers on the Map
Answers color-coded by a green-red scale on the quiz's map according to % correct below.
 
Answer Stats
Municipality % Correct
Ohrid
89%
Debar
87%
Struga
82%
Vevčani
79%
Debarca
69%
Kičevo
68%
Centar Župa
63%
Makedonski Brod
61%
Plasnica
56%
No matching quizzes found
Score Distribution
Percent of People with Each Score
Percentile by Number Answered
Your Score History
You have not taken this quiz